| 000 | 02771nam a2200253Ia 4500 | ||
|---|---|---|---|
| 003 | OSt | ||
| 005 | 20251114112335.0 | ||
| 008 | 210210b2018 xxu||||| |||| 00| 0 eng d | ||
| 020 | _a9386809354 | ||
| 040 | _cAL | ||
| 041 | _aKannada | ||
| 082 | _aK894.4 MART | ||
| 100 |
_aMARX (Karl) _dಕಾರ್ಲ್ ಮಾರ್ಕ್ಸ್ _9245561 |
||
| 245 |
_aTatvashastrada daridrya _bತತ್ವಶಾಸ್ತ್ರದ ದಾರಿದ್ರ್ಯ |
||
| 260 |
_aBengaluru _bNavakaranataka Prakashana _c2018 |
||
| 300 | _a208 | ||
| 520 | _a“ದಾರಿದ್ರ್ಯದ ತತ್ತ್ವಶಾಸ್ತ್ರ” ಫ್ರೆಂಚ್ ಸಮಾಜವಾದಿ ಬರಹಗಾರ, ಪ್ರೂಧೋನ್ನ ಪುಸ್ತಕ. ಇದಕ್ಕೆ ಪ್ರತಿಕ್ರಿಯೆಯಾಗಿ ಮಾರ್ಕ್ಸ್ ಸುಮಾರು ೧೭೦ ವರ್ಷಗಳ ಹಿಂದೆ “ತತ್ತ್ವಶಾಸ್ತ್ರದ ದಾರಿದ್ರ್ಯ” ಪುಸ್ತಕವನ್ನು ಬರೆದರು. ಪ್ರೂಧೋನ್ “ವೈಜ್ಞಾನಿಕ ಸಮಾಜವಾದ” ಎಂಬ ಪದಗುಚ್ಛವನ್ನು ಮೊದಲು ಜಾರಿಗೊಳಿಸಿದ ಎಂಬ ಪ್ರತೀತಿ ಇದೆ. ಆದರೆ, ಪ್ರೂಧೋನ್ರ ಮಿತಿ ಎಂದರೆ, ವರ್ಗ ಸಂಘರ್ಷದ ಆಯಾಮವನ್ನು ಗುರ್ತಿಸದೆ ಇರುವುದು. ಪ್ರೂಧೋನ್ರ ಪುಸ್ತಕ ಒಂದು ಬೃಹತ್ ಗ್ರಂಥ. ಇದರ ಆರಂಭದ ತುಂಬ ದೇವರ ಬಗ್ಗೆ ವಿವರಣೆಗಳಿವೆ. ಈ ಒಂದು ಗ್ರಂಥ ಫ್ರೆಂಚ್ ಕ್ರಾಂತಿಕಾರಿ ಕಾರ್ಮಿಕರ ನಡುವೆ ಕೆಲವು ದಿನ ಜನಪ್ರಿಯವಾಗಿತ್ತು ಎಂಬುದೇ ಆಶ್ಚರ್ಯಕರ. ಇಂಡಿಯಾದ ಇಂದಿನ ಹೊರಳುದಾರಿಯ ಪರಿಸ್ಥಿತಿಯಲ್ಲಿ, ನಾವು “ಕ್ಲಾಸಿಕ್”ಗಳಿಗೆ ಮರಳಿದಾಗ ಮಾತ್ರ ನಮ್ಮ ವಿಚಾರಗಳಿಗೆ ಒಂದು ಸ್ಪಷ್ಟತೆ ಬರಲು ಸಾಧ್ಯ ಎಂದು ನಂಬಿದ್ದೇನೆ. ಈ ನನ್ನ ಪುಟ್ಟ ಕಾಣಿಕೆ ಕನ್ನಡದ ವಿಚಾರವಂತರ ಅವಗಾಹನೆಗಾಗಿ ಎಂದರೆ ಅತಿಶಯೋಕ್ತಿ ಆಗದು ಅಂದುಕೊಂಡಿದ್ದೇನೆ. - ಕೆ. ಪಿ. ವಾಸುದೇವನ್ | ||
| 650 |
_aTatvashastrada _9245562 |
||
| 650 |
_adaridrya _9245563 |
||
| 690 |
_aKannada Prose _9245564 |
||
| 700 |
_aVasudevan K P _dವಾಸುದೇವನ್ ಕೆ ಪಿ tr _9245565 |
||
| 906 | _a073091 | ||
| 942 |
_2ddc _cBK |
||
| 999 |
_c122873 _d122873 |
||